| 000 | 00876cam a2200313 a 4500 | ||
|---|---|---|---|
| 001 | 22666 | ||
| 003 | SK-KTurca | ||
| 005 | 20260415141920.0 | ||
| 008 | 240315s1991 xo g 0000j slo | ||
| 015 | _aSNBA1992/03 | ||
| 020 | _a8006003882 | ||
| 035 | _aSNK000010147 | ||
| 040 |
_aSNK _bslo _cSNK _eAACR2 |
||
| 041 | 0 | _aslo | |
| 044 |
_axo _cSK |
||
| 080 |
_a885.4-3 _21981 |
||
| 100 | 1 |
_aFilan, Boris, _d1949- _4aut |
|
| 245 | 0 |
_aPaternoster _bpríbehy o hudbe, láske a basketbale _cBoris Filan |
|
| 250 | _a1. vyd. | ||
| 260 |
_aBratislava _bMladé letá _c1991 _eBratislava _fSvornosť |
||
| 300 |
_a128 s. _c20 cm |
||
| 490 | 1 | _aEDO | |
| 655 | 7 |
_aslovenské príbehy _2SNKPH |
|
| 700 | 1 |
_aPopovič, Vladimír, _d1939-2025 _4ill |
|
| 830 | 0 | _aEDO | |
| 942 |
_2ddc _cKLDO _n0 |
||
| 999 |
_c22666 _d22666 |
||